banner-ar

SANSONE E DALILA, OPERA IN TRA ATTI / (Record no. 17333)

MARC details
000 -الفاتح
حقل البيانات ثابتة الطول 00537nam a2200205Ia 4500
008 - عناصر البيانات ثابتة الطول - معلومات عامة
حقل البيانات ثابتة الطول 140319s9999 xx 000 0 eng d
040 ## - مصدر الفهرسة
وكالة الفهرسة الأصلية GCL /
وكالة النسخ GCL
082 04 - رقم تصنيف ديوى العشرى
رقم التصنيف 782.1
رقم المادة S S
100 1# - المدخل الرئيسى - إسم شخصى
الإسم الشخصى LEMAIRE, FERDINANDS
245 10 - بيان العنوان
العنوان SANSONE E DALILA, OPERA IN TRA ATTI /
بيان المسئوليه,etc LEMAIRE, FERDINANDS
700 1# - المدخل الاضافى - اسم شخصى
الإسم الشخصى SAINT-SAENS, CAMILLO
260 ## - PUBLICATION, DISTRIBUTION, ETC. (IMPRINT)
تاريخ النشر أو التوزيع 1904
300 ## - الوصف المادى
التعداد 266 P
650 04 - المدخل الاضافى بالموضوع-مصطلح موضوعى
مصطلح موضوعي OPERA
650 04 - المدخل الاضافى بالموضوع-مصطلح موضوعى
مصطلح موضوعي ARTS
650 04 - المدخل الاضافى بالموضوع-مصطلح موضوعى
مصطلح موضوعي MUSIC
650 04 - المدخل الاضافى بالموضوع-مصطلح موضوعى
مصطلح موضوعي SAINT- SAEN, CAMILB
942 ## - عناصر المدخل الإضافي( كوها)
مصدر التصنيف او مخطط الترفيف Dewey Decimal Classification
Koha [default] item type كتاب
260 ## - PUBLICATION, DISTRIBUTION, ETC. (IMPRINT)
-- [S.N] :
-- EDOARDO SONZOGNO, EDITORE ،
Holdings
حالة التراجع حالة الفقد حالة تلف ليس للاعارة المكان المؤقت الموقع الحالى تاريخ الاكتساب اجمالي اﻻعارات رقم الطلب الباركود تاريخ اخر مشاهدة تاريخ تفعيل السعر نوع وعاء كوها
        مكتبة القاهرة الكبرى مكتبة القاهرة الكبرى 03/26/2014   782.1\S S 31385 03/26/2014 03/26/2014 كتاب

Powered By

EGPV